Final and binding? (Record no. 77085)

MARC details
000 -LEADER
fixed length control field 01361cab a2200229 4500
001 - CONTROL NUMBER
control field ##L133565
008 - FIXED-LENGTH DATA ELEMENTS--GENERAL INFORMATION
fixed length control field 060518n2006 000 0 eng u
035 ## - SYSTEM CONTROL NUMBER
System control number (Sirsi) u133565
041 0# - LANGUAGE CODE
Language code of text/sound track or separate title eng
100 1# - MAIN ENTRY--PERSONAL NAME
Personal name Macpherson, Camilla
245 00 - TITLE STATEMENT
Title Final and binding?
Remainder of title challenges under the Arbitration Act 1996, section 69
260 ## - PUBLICATION, DISTRIBUTION, ETC.
Date of publication, distribution, etc. 2006
490 #0 - SERIES STATEMENT
Series statement Arbitration
Volume/sequential designation 72(2) May 2006, 119-123(5)
520 ## - SUMMARY, ETC.
Summary, etc. The Arbitration Act 1996 s68 provides that an arbitrator's decision can be challenged on the basis of serious irregularity. In "Lesotho Highlands Development Authority v Impregilo SpA and others" ([2005] UKHL 43, L130513) it was held that such a remedy had to be regarded as exceptional; the threshold that the applicant has to meet is a high one, as a court must approach an application under s68 from the standpoint that it should interfere with the arbitration as little as possible. The decision is consistent with the approach adopted by other courts who had to decide s68 applications in 2005.
590 ## - LOCAL NOTE (RLIN)
Local note IKA230506
650 24 - SUBJECT ADDED ENTRY--TOPICAL TERM
Topical term or geographic name entry element ARBITRATION ACT 1996 S68
650 24 - SUBJECT ADDED ENTRY--TOPICAL TERM
Topical term or geographic name entry element LESOTHO HIGHLANDS DEVELOPMENT AUTHORITY V IMPREGILO SPA AND OTHERS
651 #4 - SUBJECT ADDED ENTRY--GEOGRAPHIC NAME
Geographic name United Kingdom
Chronological subdivision
690 ## - LOCAL SUBJECT ADDED ENTRY--TOPICAL TERM (OCLC, RLIN)
Topical term or geographic name as entry element MANAGEMENT-DISPUTE AVOIDANCE, MANAGEMENT AND RESOLUTION-DISPUTE MANAGEMENT AND RESOLUTION-ARBITRATION
700 1# - ADDED ENTRY--PERSONAL NAME
Personal name Mainwaring-Taylor, Chris
942 ## - ADDED ENTRY ELEMENTS (KOHA)
Suppress in OPAC 0
Holdings
Withdrawn status Lost status Source of classification or shelving scheme Damaged status Not for loan Home library Current library Shelving location Date acquired Total Checkouts Full call number Barcode Date last seen Copy number Price effective from Koha item type
    Dewey Decimal Classification     London London Journal article 19/05/2006   L133565 133565-1001 06/08/2019 1 06/08/2019 Journal article